| 000 | 00401nam a22001697a 4500 | ||
|---|---|---|---|
| 003 | SGT | ||
| 020 | _a9789388527811 | ||
| 082 |
_a615.1, _bI22V |
||
| 100 | _aVYAS, S.P. | ||
| 245 | _aINTRODUCTION TO NOVAL DRUG DELIVERY SYSTEMS | ||
| 250 | _a1st | ||
| 260 |
_aNEW DELHI, _bCBS PUB. _c2022 |
||
| 300 | _a531 | ||
| 650 | _aNOVEL DRUG | ||
| 653 | _aNOVEL DRUG , DELIVERY SYSTEMS | ||
| 942 |
_2ddc _cBK _018 |
||
| 999 |
_c23480 _d23480 |
||